Παραδοσιακή αρχιτεκτονική
Αποθηκεύτηκε σε:
| Άλλοι συγγραφείς: | |
|---|---|
| Μορφή: | Βιβλίο |
| Γλώσσα: | Greek |
| Δημοσίευση: |
[Αθήνα] :
Η Καθημερινη,
c2001.
|
| Σειρά: | Επτά ημέρες (Η Καθημερινή)
|
| Θέματα: | |
| Ετικέτες: |
Προσθήκη ετικέτας
Δεν υπάρχουν, Καταχωρήστε ετικέτα πρώτοι!
|
MARC
| LEADER | 00000cam a2200000 a 4500 | ||
|---|---|---|---|
| 001 | 1/124566 | ||
| 008 | 220323s2001####gr | ||| |||| ||gre|| | ||
| 040 | |a GR-MyUa |b gre |c GR-MyUa |e AACR2 | ||
| 041 | 0 | |a gre | |
| 082 | 7 | |a 720.9495 |2 (23) | |
| 245 | 0 | 0 | |a Παραδοσιακή αρχιτεκτονική / |c γενική επιμέλεια: Δημήτρης Παυλόπουλος ; σύνταξη: Κωστής Γιούργος, Κωστής Λιόντης. |
| 260 | |a [Αθήνα] : |b Η Καθημερινη, |c c2001. | ||
| 300 | |a 188 σ. : |b εικ. ; |c 30 εκ. | ||
| 490 | 1 | |a (Επτά ημέρες / Η Καθημερινή ; |v ΛΔ') | |
| 505 | 8 | |a Ελληνικοί φάροι -- Πέτρινα γεφύρια -- Ελληνικοί νερόμυλοι. | |
| 650 | 0 | |a Lighthouses |z Greece. | |
| 650 | 0 | |a Stone bridges |z Greece. | |
| 650 | 0 | |a Water mills |z Greece. | |
| 700 | 1 | |a Παυλόπουλος, Δημήτρης, |d 1966- |e edt | |
| 830 | 0 | |a Επτά ημέρες (Η Καθημερινή) | |
| 970 | |a Κοντού |b Παρασκευή |z 23/03/2022 | ||